00239nam a2200109Ia 4500008004100000041001200041100001600053245003200069250001300101260000900114650000600123221030s9999 xx 000 0 und d aEnglish aM. R. Anand 0aUntouchablecby M. R. Anand aJAN 2016 c2016 aB